00786nam a22001697a 4500040000900000082001600009100003000025245011000055260004600165300001000211521000700221942001200228999001900240952012600259952010200385952012900487 cNUST a006.31bMOR aMoroney, Laurence9118622 aAI and Machine Learning for Coders:bA Programmer’s Guide to Artificial Intelligence/cLaurence Moroney aUnited States :bO’Reilly Media;c2021. a366p. bHB 2ddccBK c606802d606802 00102ddc4070aSMMEbSMMEcALd2023-11-22l1o006.31 MORpSMME-4405q2025-08-28r2025-07-29s2025-07-29w2023-11-22yBK 00102ddc4070aSMMEbSMMEcALd2023-11-22l0o006.31 MORpSMME-4406r2023-11-22w2023-11-22yBK 00102ddc4070aSMMEbSMMEcALd2023-11-22l1m1o006.31 MORpSMME-4407q2025-12-13r2025-09-09s2025-09-09w2023-11-22yBK